000 00794nam0a22002531 4500
001 rc\3010742
005 20260212145257.0
035 _a(NLR Aleph) 007153293
090 _a4767
_c4767
100 _a20110923g1942 u y0rusy50 ca
101 0 _arus
102 _aRU
105 _ay z |||||
200 1 _aБлокнот агитатора Военно-Морского флота СССР
_fГл. полит. упр. Военно-Морского флота СССР
210 _aМосква
_cВоенмориздат
_d1942-
215 _d14х10 см
801 0 _aRU
_bNLR
_gpsbo
801 1 _aRU
_bELAR
_2rusmarc
852 _aNLR
_jФГО
942 _cUNSPEC
945 _aРоссийская национальная библиотека
980 _aNB
980 _aBV